000 00472nam a22001817a 4500
005 20260119125043.0
008 260119b |||||||| |||| 00| 0 eng d
037 _cDSWL
040 _aDSWL
_cDSWL
041 _heng
100 _aKumar, Nilotpal
_9898920
245 _aUnraveling farmer suicides in India
260 _aNew Delhi,
_bOUP,
_c2017
300 _a308p
365 _aINR
_b995
942 _2CC
_cTEXL
_n0
999 _c1491039
_d1491039